Statistiques concernant Bleach - Bankai

Cliquez ici pour prendre le quiz!

Statistiques générales

  • Ce quiz a été pris 857 fois
  • Le résultat moyen est 9 sur 22

Statistiques - réponses

PersonnageShikaiBankai% Correct
Ichigo KurosakiZangetsuTensa Zangetsu
92%
Byakuya KuchikiSenbonzakuraSenbonzakura Kageyoshi
71%
Retsu UnohanaMinazukiMinazuki
65%
Toshiro HitsugayaHyorinmaruDaiguren Hyorinmaru
59%
Renji AbaraiZabimaruSoo Zabimaru
58%
Kisuke UraharaBenihimeKannonbiraki Benihime Aratame
56%
Genryusai Shigekuni YamamotoRyujin JakkaZanka no Tachi
54%
Ikkaku MadarameHozukimaruRyumon Hozukimaru
49%
Shunsui KyorakuKaten KyokotsuKaten Kyokotsu :Karamatsu Shinju
48%
Rukia KuchikiSode no ShirayukiHakka no Togame
47%
Mayuri KurotsuchiAshisogi JizoKonjiki Ashisogi Jizo
44%
Gin IchimaruShinsoKamishini no Yari
38%
Sajin KomamuraTenkenKokujo Tengen Myo'o
32%
Shinji HirakoSakanadeSakashima Yokoshima Happofusagari
27%
Kensei MugurumaTachikazeTekken Tachikaze
27%
Soi FonSuzumebachiJakuho Raikoben
26%
Ichibe HyosubeIchimonjiShirafude Ichimonji
25%
Kaname TosenSuzumushiSuzumushi Tsuishiki : Enma Korogi
22%
Kenpachi ZarakiNozarashiNon-nommé
17%
Rojuro OtoribashiKinsharaKinshara Butodan
15%
Shuhei HisagiKazeshiniKazeshini Fushi no Kojo
13%
Chojiro SasakibeGonryomaruKoko Gonryo Rikyu
9%

Distribution des résultats

Percentile par nombre de réponses

% des personnes avec chaque résultat

Votre développement - résultats

Vous n’avez pas pris ce quiz